000 nam a22 a 4500
999 _c3252
_d3252
005 20170522094631.0
008 170522b1998 II ||||| |||| 00| 0 eng d
020 _a8175140399
040 _aAKMAL
082 _a658.3125 WEI
090 _a658.3125
_bWEI
245 _aPerformance Management /
_cTracey B. Weiss
260 _aUSA
_bSt. Lucie Press
300 _a227 p.
_ccm
942 _2ddc
_cBOOK